000
00389nam a2200133Ia 4500
008
151001s9999||||xx |||||||||||||| ||und||
100
_a
श्यामा प्रसाद
245
_a
भारत गरीब क्यों
250
_a
1
260
_b
राष्ट्रीय साहित्य प्रकाशन
260
_c
2011
300
_a
24
365
_b
21
999
_c
999200
_d
999197